000 01260nam0a22003251 4500
001 RU\NLR\INFOCOMM_165\5000016437
005 20250613101511.0
035 _a(NLR Aleph) 009381344
090 _a7984633
_c7984633
100 _a20101227d1983 |||y0rusy50 ca
101 0 _aeng
_drus
102 _aRU
105 _aa ||||000|y
200 1 _aˆThe ‰influence of the oceanic biota on atmospheric carbon dioxide
_fV. G. Gorshkov
210 _aL.
_cЛИЯФ
_d1983
215 _a25 с.
_cграф.
_d20 см
225 1 _aAcad. of sciences of the USSR, Leningrad nuclear physics inst.
_v831
300 _aНа 2-й с.: Влияние биоты океана на атмосферную двуокись углерода / В. Г. Горшков
300 _aНа обл. надзаг. на рус. яз.
300 _aРез. на рус. яз.
300 _a"Submitted for publ. to "Internationale Revue der gesamten Hydrobiologie"
320 _aБиблиогр.: с. 24-25
686 _aД232.15
_2rubbk
700 1 _9z01790
_aGorškov
_bV. G.
_f1935-
_gViktor Georgievič
_4070
790 1 _9z01700
_aGorshkov
_bV. G.
_4070
801 1 _aRU
_bNLR
_c20101227
801 0 _aRU
_bNLR
_gPSBO
852 _aNLR
_jГн11 Д-4/184
_y2 экз.
942 _cBOOK
980 _aNB